| 000 | 03962cam a2200433 i 4500 | ||
|---|---|---|---|
| 001 | 10400261 | ||
| 003 | CaAEU | ||
| 005 | 20260305144149.0 | ||
| 008 | 240108t20242024nyua e b 001 0 eng d | ||
| 010 | _a 2023944266 | ||
| 020 |
_a9780806540689 _q(hardcover) |
||
| 020 |
_a0806540680 _q(hardcover) |
||
| 035 | _aon1416852906 | ||
| 037 |
_bKensington Pub Corp, C/O Penguin Random House Attn: Order Processing 405 Murray Hill Pkwy, East Rutherford, NJ, USA, 07073-2136 _nSAN 201-3975 |
||
| 039 | _aexclude | ||
| 040 |
_aIMmBT _beng _erda _cJRQ _dOCLCO _dYDX _dOCLCO _dVRP _dACN _dIK2 _dOCLCO _dJTH _dRNL _dIOU _dLIV _dTXSCH _dHQC _dIMT _dCDX _dAEVC |
||
| 041 | _aEnglish | ||
| 050 | 1 | 4 |
_aQP263 _b.G86 2024 |
| 060 | 4 | _aWP 550 | |
| 082 | 0 | 4 |
_a612.6/62 _223/eng/20240108 |
| 090 |
_a612.662 GUN _bAEVC |
||
| 100 |
_aGunter, Jen, _eauthor. _926803 |
||
| 245 | 1 | 0 |
_aBlood _b: the science, medicine, and mythology of menstruation _c/ Dr. Jen Gunter. |
| 246 | 3 | 0 | _aScience, medicine, and mythology of menstruation |
| 264 | 1 |
_aNew York, NY : _bCitadel Press, Kensington Publishing Corp., _c[2024] |
|
| 264 | 4 | _c©2024 | |
| 300 |
_axiv, 462 pages : _billustrations ; _c24 cm |
||
| 504 | _aIncludes bibliographical references (pages 425-451) and index. | ||
| 505 | 0 | _aPart 1 The menstrual cycle, a primer. Why menstruation? ; Menstrual cycle 101 ; The brain-brain-ovary connection ; The basics of bleeding ; Reproductive hormones: a handbook ; Menarche: journey to the first period ; Menopause: the afterparty — Part 2 Common concerns and menstrual maintenance. The pelvic exam ; Premenstrual symptoms: PMS, PMDD, and breast pain ; Beyond the uterus: hormones and your health ; Menstrual tracking ; The history and safety of menstrual products ; Modern menstrual products ; Menstrual product myths — Part 3 Bleeding and pain. A primer on abnormal bleeding ; Heavy periods ; Bleeding bingo: when periods stop, when they become irregular, and breakthrough bleeding ; Polycystic ovarian syndrome ; Painful periods ; Endometriosis ; Alternative therapies for menstrual pain — Part 4 Contraception and abortion. The history of hormonal contraception ; Estrogen-containing contraceptives: the modern pill, patch, and ring ; Progestin-only methods ; Emergency contraception ; The history of the intrauterine device ; The modern intrauterine device ; Abortion ; Surgical sterilization, barrier contraception, and fertility awareness methods ; Contraception potpourri. | |
| 520 | _aThe New York Times best-selling author of The Vagina Bible offers empowering, period-positive, no-nonsense facts about the science, medicine and myths surrounding menstruation. | ||
| 520 |
_a"Most women, transgender, and non-binary people who menstruate can expect to have hundreds of periods in a lifetime. So why is real information so hard to find? Despite its significance, most education about menstruation focuses either on increasing the chances of pregnancy or preventing it. And while both are important for many people, those who menstruate deserve to know more about their bodies than just what happens in service to reproduction. At a time when charlatans, politicians, and social media are succeeding in propagating damaging misinformation with real and devastating consequences, Dr. Jen provides the antidote with science, myth busting, and no-nonsense facts. Not knowing how your body works makes it challenging to advocate for yourself. Consequently, many suffer in silence thinking their bodies are uniquely broken, or they turn to disreputable sources. Blood is a practical, empowering guide to what's typical, what's concerning, and when to seek care"-- _cPublisher's description. |
||
| 650 | 0 |
_aMenstruation. _926804 |
|
| 650 | 0 |
_aMenstrual cycle. _926805 |
|
| 650 | 0 |
_aMenstruation - Social aspects. _926806 |
|
| 650 | 0 |
_aMenstruation - Folklore. _926807 |
|
| 650 | 0 |
_aWomen - Health and hygiene. _926808 |
|
| 655 | 0 |
_aInformational works _2lcgft _923310 |
|
| 942 | _2lcc | ||
| 999 |
_c5385 _d5385 |
||